| 000 | 00787nam a2200265Ia 4500 | ||
|---|---|---|---|
| 001 | Z_270 | ||
| 003 | CHAP | ||
| 008 | 220113s1981 xx 000 0 und d | ||
| 010 | _a163245 | ||
| 040 | _cCHAP | ||
| 090 | _aTesis A 176 | ||
| 100 |
_aAldrete Menchaca, Eduardo _93714 |
||
| 245 |
_aEstudio ecológico de los agostaderos del noreste del estado de Zacatecas / _cEduardo Aldrete Menchaca |
||
| 260 |
_aChapingo, Méx. : _bEl autor, _c1981 |
||
| 300 |
_a285 p. : _bilus. mapas, gráfs. |
||
| 502 | _aTesis (Ing. Agrónomo Esp. en Zootecnia) -- UACH. Departamento de Zootecnia | ||
| 650 |
_aPastizales _xEcología _985933 |
||
| 650 |
_aPastizales _xZacatecas _985965 |
||
| 901 | _aTESIS A 176 | ||
| 902 | _aM | ||
| 910 | _a1981 | ||
| 942 | _c2 | ||
| 942 | _c2 | ||
| 999 |
_c163245 _d163245 |
||